| 000 | 00577nam a2200205 4500 | ||
|---|---|---|---|
| 001 | 107555 | ||
| 003 | ES-MaACL | ||
| 005 | 20230906184438.0 | ||
| 007 | t| | ||
| 008 | 061121s1985 it r ||||1| fre d | ||
| 100 | 1 |
_aMoreau, Joseph. _983212 |
|
| 245 | 1 | 3 |
_aL' espace et le temps selon Aristote / _cJoseph Moreau. |
| 260 |
_aPadova : _bAntenore, _c1985. |
||
| 300 |
_a212 p. ; _c22. |
||
| 490 | 1 |
_aSaggi e testi ; _v4 |
|
| 504 | _aBibliografía. Indices. | ||
| 830 | 0 |
_aSaggi e testi ; _v4 _9232904 |
|
| 852 |
_aES-MaACL _jL-11685 _bR.113305 |
||
| 999 |
_c107555 _d107555 |
||